| 000 | 00976naa a2200265 4500 | ||
|---|---|---|---|
| 005 | 20090526161756.0 | ||
| 008 | 090526t xxu||||| |||| 00| 0 eng d | ||
| 010 | _aENG-93748 | ||
| 020 |
_a9788131305515 _c695.00 |
||
| 035 | _aEN-77281 | ||
| 037 | _bDBAD / PUB | ||
| 040 |
_adpl _bEnglish |
||
| 082 | _a808.4 | ||
| 100 | _aKleiser, Grenville | ||
| 245 |
_aEssays and phrases / _cby Grenville Kleiser |
||
| 260 |
_aNew Delhi _bAPH Publishing Corporatioon _c2009 |
||
| 270 |
_a4435-36/7, Ansari Road, Darya Ganj _bNew Delhi _e110 002 _maphbooks@vsnl.net _k011 23274050 |
||
| 300 |
_av, 288p. _b23cm(Hb) |
||
| 500 | _aIncludes bibliographical references | ||
| 650 |
_aEnglish language _xRhetoric |
||
| 650 | _aEssay | ||
| 710 | _a. | ||
| 942 |
_adpl _cEN _2ddc _mKLE _h808.4 |
||
| 999 |
_c26836 _d26836 |
||